| 000 | nam a22 a 4500 | ||
|---|---|---|---|
| 999 |
_c163247 _d163247 |
||
| 003 | BLK | ||
| 005 | 20220725093819.0 | ||
| 008 | 180410b bul|||||r ||||||| ||bul|| | ||
| 010 | _aKNG00170652000 | ||
| 040 | _aBLK | ||
| 041 |
_aBUL _cBUL |
||
| 080 |
_a?Литература на ГДР _b830.2 _x-31 _z830.2-31 |
||
| 080 |
_aФренски политик и учен _b929 Марат, Жан-Пол _z929 Марат, Жан-Пол |
||
| 100 | 1 |
_aМай, Фердинанд _eпърви автор _9335905 |
|
| 139 |
_aМай, Фердинанд и др. _bМ 16 |
||
| 245 | 1 | 0 |
_aПриятелят на санкюлотите _bРоман за Жан Пол Марат _cФердинанд Май; съавт. Кете Май; прев. от нем. Михаил Шакле; худож. Петър Брайков. |
| 257 | _aDDR | ||
| 260 |
_bНар. култура _c1972 _aСофия |
||
| 300 |
_a456 с. _bс ил. _c20 см |
||
| 380 | _aX | ||
| 490 |
_aЧетиво за юноши _9203186 |
||
| 500 | _aАвт. не е даден на кор. - Ориг. загл. Der Freund der Samsculorren. - 60 100 тир. | ||
| 600 | 1 | 4 |
_aМарат, Жан-Пол _9331722 |
| 653 | _aМарат | ||
| 700 | 1 |
_aМай, Кете _eсъавт. _9335906 |
|
| 700 | 1 |
_aШакле, Михаил _eпрев. от нем. _9335907 |
|
| 700 | 1 |
_aБрайков, Петър _eхудож. _9377124 |
|
| 852 |
_aЦб 63760 _bЦб |
||
| 856 | 4 | _qpdf | |
| 856 | 4 | _qpdf | |
| 942 |
_cKNG _n0 _s1 |
||
| 944 |
_aCR _c31.01.2015 _l31.01.2015 - от С1,Р / 31.01.2015 _kКети_Илиева |
||
| 944 |
_aED _c31.01.2015 _l31.01.2015 - от С1,Р / 31.01.2015 |
||
| 999 | _d163247 | ||